00325nam a2200133Ia 4500008004100000020001500041041001200056082001600068100001300084245003500097260003600132300000800168650001500176221030s9999 xx 000 0 und d a8178840340 aEnglish a105.23bKum aP. Kumar 0aManagment Concepts & Practices bCyber Tech PubaNew Delhic2002 a287 aManagement